[Event "17. European Team Championship 2009"]
[Site "Novi Sad SRB"]
[Date "2009.10.24"]
[Round "3.174"]
[White "Thorfinnsson, Bragi"]
[Black "Atakisi, Umut"]
[Result "0-1"]
[WhiteElo "2360"]
[BlackElo "2406"]
[PlyCount "76"]
[EventDate "2009.10.22"]
[EventType "team"]
[EventRounds "9"]
[EventCountry "SER"]
[Source "lmi"]
[SourceDate "2009.10.22"]

1. c4 Nf6 2. Nc3 c5 3. g3 g6 4. Bg2 Bg7 5. d3 Nc6 6. Bg5 d6 7. Nf3 Be6 8. Qc1
h6 9. Bd2 Qd7 10. h4 d5 11. cxd5 Nxd5 12. Nxd5 Bxd5 13. Bc3 Nd4 14. Bxd4 cxd4
15. O-O Rc8 16. Qd2 O-O 17. Rfc1 Rxc1+ 18. Rxc1 b6 19. Qb4 Rd8 20. a3 e5 21.
Kh2 Kh7 22. a4 Bf8 23. Qb5 f6 24. Nd2 Bxg2 25. Kxg2 Qxb5 26. axb5 Rd7 27. g4 h5
28. Rc8 Be7 29. gxh5 gxh5 30. f4 exf4 31. Kf3 Kg6 32. Kxf4 Rd5 33. Nc4 Rxb5 34.
Rc7 Rf5+ 35. Ke4 Rf2 36. Kxd4 Rxe2 37. Rxa7 b5 38. Ne3 Rxe3 0-1

[Event "17. European Team Championship 2009"]
[Site "Novi Sad SRB"]
[Date "2009.10.24"]
[Round "3.191"]
[White "Berend, Fred"]
[Black "Jones, Richard S"]
[Result "1-0"]
[WhiteElo "2371"]
[BlackElo "2321"]
[PlyCount "75"]
[EventDate "2009.10.22"]
[EventType "team"]
[EventRounds "9"]
[EventCountry "SER"]
[Source "lmi"]
[SourceDate "2009.10.22"]

1. d4 Nf6 2. Nf3 g6 3. Bg5 Bg7 4. Nbd2 d5 5. c3 O-O 6. e3 c5 7. dxc5 Qc7 8. b4
e5 9. Be2 Ne4 10. Nxe4 dxe4 11. Nd2 f5 12. Bc4+ Kh8 13. h4 h5 14. Nb3 Bf6 15.
Qd6 Qg7 16. O-O-O Nc6 17. b5 Bxg5 18. hxg5 Nd8 19. Qxd8 Rxd8 20. Rxd8+ Kh7 21.
Bg8+ Qxg8 22. Rxg8 Kxg8 23. Rd1 Be6 24. Rd6 Kf7 25. Na5 Rb8 26. a4 Ke7 27. Kc2
f4 28. Rd1 h4 29. Rh1 f3 30. gxf3 h3 31. fxe4 Rh8 32. Nxb7 h2 33. f3 Bc4 34.
Kd2 Bf1 35. Rxf1 h1=Q 36. Rxh1 Rxh1 37. Na5 Ra1 38. Nc6+ 1-0

[Event "17. European Team Championship 2009"]
[Site "Novi Sad SRB"]
[Date "2009.10.24"]
[Round "3.192"]
[White "Rees, Ioan"]
[Black "Jeitz, Christian"]
[Result "1/2-1/2"]
[WhiteElo "2336"]
[BlackElo "2253"]
[PlyCount "102"]
[EventDate "2009.10.22"]
[EventType "team"]
[EventRounds "9"]
[EventCountry "SER"]
[Source "lmi"]
[SourceDate "2009.10.22"]

1. Nf3 Nf6 2. c4 g6 3. Nc3 d5 4. cxd5 Nxd5 5. Qa4+ Bd7 6. Qh4 Bc6 7. Qd4 Rg8 8.
Ne5 e6 9. e4 Nxc3 10. Qxd8+ Kxd8 11. bxc3 f6 12. Nxc6+ Nxc6 13. Rb1 Na5 14. d4
Bd6 15. Be3 b6 16. Bd3 Rc8 17. Ba6 Rb8 18. Ke2 Ke7 19. h4 e5 20. g3 c5 21. f4
cxd4 22. cxd4 exd4 23. Bxd4 Nc6 24. Be3 Nb4 25. Bc4 Rgc8 26. Rbc1 b5 27. Bb3 a5
28. a4 bxa4 29. Bxa4 Na2 30. Rxc8 Rxc8 31. Bb3 a4 32. Bxa2 Rc2+ 33. Kd3 Rxa2
34. h5 Rg2 35. hxg6 hxg6 36. Rh7+ Ke6 37. Ra7 Rxg3 38. Ra6 Kd7 39. Kd4 a3 40.
Kd5 Rxe3 41. Rxd6+ Ke7 42. Re6+ Kf7 43. Ra6 Rd3+ 44. Kc4 Rf3 45. Kd5 Rxf4 46.
Ra7+ Kg8 47. Rxa3 Kg7 48. Re3 Kh6 49. Ke6 Kg5 50. Re1 Rg4 51. Kf7 Rf4 1/2-1/2

[Event "17. European Team Championship 2009"]
[Site "Novi Sad SRB"]
[Date "2009.10.24"]
[Round "3.194"]
[White "Bennett, Alan"]
[Black "Mossong, Hubert"]
[Result "1-0"]
[WhiteElo "2108"]
[BlackElo "2179"]
[PlyCount "81"]
[EventDate "2009.10.22"]
[EventType "team"]
[EventRounds "9"]
[EventCountry "SER"]
[Source "lmi"]
[SourceDate "2009.10.22"]

1. e4 c5 2. Nf3 Nc6 3. d4 cxd4 4. Nxd4 e5 5. Nb5 d6 6. N1c3 a6 7. Na3 Be6 8.
Nc4 Be7 9. Ne3 Nf6 10. Bd3 Rc8 11. O-O O-O 12. f4 exf4 13. Rxf4 Ne5 14. Kh1 g6
15. Be2 Rc5 16. Ncd5 Bxd5 17. Nxd5 Nxd5 18. exd5 Bg5 19. Rd4 Bxc1 20. Rxc1 Qg5
21. Qd2 Qxd2 22. Rxd2 Re8 23. Kg1 f5 24. Kf2 Kg7 25. c3 a5 26. Rd4 Re7 27. a3
Kf6 28. Rd2 g5 29. b4 axb4 30. axb4 Rc8 31. c4 b6 32. Ra2 Rec7 33. Ra6 Nd7 34.
Re1 h6 35. Bf1 Kf7 36. Re6 Nf6 37. Rxb6 Ne4+ 38. Ke3 Ra8 39. Bd3 Ra3 40. Kd4
Nd2 41. Rbxd6 1-0

[Event "17. European Team Championship 2009"]
[Site "Novi Sad SRB"]
[Date "2009.10.25"]
[Round "4.13"]
[White "Mikhalevski, Victor"]
[Black "Guseinov, Gadir"]
[Result "1-0"]
[WhiteElo "2625"]
[BlackElo "2667"]
[PlyCount "85"]
[EventDate "2009.10.22"]
[EventType "team"]
[EventRounds "9"]
[EventCountry "SER"]
[Source "lmi"]
[SourceDate "2009.10.22"]

1. d4 Nf6 2. c4 g6 3. Nc3 Bg7 4. e4 d6 5. Be2 O-O 6. Nf3 c5 7. d5 e6 8. O-O
exd5 9. cxd5 Bg4 10. h3 Bxf3 11. Bxf3 Nbd7 12. Qc2 a6 13. a4 Qc7 14. Bf4 Rfe8
15. Rfe1 c4 16. Be2 Rac8 17. Rad1 Rb8 18. Rc1 Rbc8 19. Qb1 Qb8 20. Bf1 b5 21.
axb5 axb5 22. b4 cxb3 23. Qxb3 b4 24. Nb5 Rxc1 25. Rxc1 Nxe4 26. Qxb4 Qb6 27.
Be3 Nec5 28. Qa3 Bf8 29. Bd4 Qb7 30. Ba1 Be7 31. Re1 Ra8 32. Qg3 Bf8 33. Qc3 f6
34. Qc2 Qb6 35. Nd4 Qa5 36. Qe2 Qa2 37. Qxa2 Rxa2 38. Ne6 Be7 39. Bd4 Kf7 40.
Nxc5 dxc5 41. d6 Bxd6 42. Bc4+ Kf8 43. Be3 1-0

[Event "17. European Team Championship 2009"]
[Site "Novi Sad SRB"]
[Date "2009.10.25"]
[Round "4.21"]
[White "Ivanisevic, Ivan"]
[Black "Jobava, Baadur"]
[Result "1/2-1/2"]
[WhiteElo "2614"]
[BlackElo "2696"]
[PlyCount "123"]
[EventDate "2009.10.22"]
[EventType "team"]
[EventRounds "9"]
[EventCountry "SER"]
[Source "lmi"]
[SourceDate "2009.10.22"]

1. d4 Nf6 2. c4 e6 3. Nc3 Bb4 4. g3 c5 5. Nf3 b6 6. Bg2 Bb7 7. O-O Bxc3 8. bxc3
Nc6 9. Ne5 Na5 10. Bxb7 Nxb7 11. Bg5 Qc7 12. Qd3 Ng8 13. Qf3 d6 14. Nd3 f6 15.
Nf4 fxg5 16. Nxe6 Qe7 17. Rad1 Nf6 18. Rd3 g4 19. Qf5 Kf7 20. Re3 Qd7 21. Ng5+
Kf8 22. Re6 Rd8 23. Ne4 Kg8 24. Rxf6 Qxf5 25. Rxf5 h5 26. Rd1 cxd4 27. Rxd4 Rh6
28. f3 gxf3 29. exf3 Rf8 30. Rxf8+ Kxf8 31. Kf2 Ke7 32. Ke3 Na5 33. f4 Kd7 34.
Kd3 Nc6 35. Rd5 Ne7 36. Rg5 g6 37. Nd2 Rh8 38. Nf3 Ke6 39. a4 Kf6 40. a5 a6 41.
Nd4 Rb8 42. h3 Kf7 43. g4 hxg4 44. hxg4 Ke8 45. Ke4 Kf7 46. axb6 Rxb6 47. c5
dxc5 48. Rxc5 Rb7 49. Nf3 Ra7 50. Ne5+ Ke6 51. Nc4 Kf6 52. f5 gxf5+ 53. gxf5
Kg5 54. Nd6 a5 55. Nb5 Ra6 56. Nc7 Rc6 57. Rxc6 Nxc6 58. Nd5 a4 59. f6 Kg6 60.
Kd3 Ne5+ 61. Kc2 Kf7 62. Nb6 1/2-1/2

[Event "17. European Team Championship 2009"]
[Site "Novi Sad SRB"]
[Date "2009.10.25"]
[Round "4.41"]
[White "Miladinovic, Igor"]
[Black "Aronian, Levon"]
[Result "1/2-1/2"]
[WhiteElo "2547"]
[BlackElo "2773"]
[PlyCount "95"]
[EventDate "2009.10.22"]
[EventType "team"]
[EventRounds "9"]
[EventCountry "SER"]
[Source "lmi"]
[SourceDate "2009.10.22"]

1. d4 d5 2. c4 e6 3. Nc3 c6 4. cxd5 exd5 5. Nf3 Nf6 6. g3 g6 7. Bg2 Bg7 8. O-O
O-O 9. Ne5 Re8 10. b4 Nfd7 11. Nxd7 Nxd7 12. e4 dxe4 13. Nxe4 Nf6 14. Bg5 Bf5
15. Bxf6 Bxf6 16. Nxf6+ Qxf6 17. d5 Rad8 18. Qb3 cxd5 19. Bxd5 Bh3 20. Bg2 Bxg2
21. Kxg2 Re2 22. Qf3 Qxf3+ 23. Kxf3 Rb2 24. Rfb1 Rd3+ 25. Kg2 Rdd2 26. Rxb2
Rxb2 27. a3 Rb3 28. h4 h5 29. f3 Rb2+ 30. Kh3 Rf2 31. Rc1 Rxf3 32. Rc7 Rxa3 33.
Rxb7 Ra2 34. b5 Kg7 35. Rb8 Kf6 36. b6 axb6 37. Rxb6+ Ke5 38. Rb7 Rf2 39. Rb4
f6 40. Ra4 Kf5 41. Rb4 Re2 42. Ra4 g5 43. hxg5 fxg5 44. g4+ hxg4+ 45. Kg3 Re3+
46. Kg2 g3 47. Rb4 Re4 48. Rxe4 1/2-1/2

[Event "17. European Team Championship 2009"]
[Site "Novi Sad SRB"]
[Date "2009.10.25"]
[Round "4.43"]
[White "Brenjo, Slavisa"]
[Black "Pashikian, Arman"]
[Result "1/2-1/2"]
[WhiteElo "2495"]
[BlackElo "2663"]
[PlyCount "72"]
[EventDate "2009.10.22"]
[EventType "team"]
[EventRounds "9"]
[EventCountry "SER"]
[Source "lmi"]
[SourceDate "2009.10.22"]

1. e4 e5 2. Nf3 Nc6 3. Bb5 Nf6 4. O-O Nxe4 5. d4 Nd6 6. Bxc6 dxc6 7. dxe5 Nf5
8. Qxd8+ Kxd8 9. Rd1+ Ke8 10. Nc3 h6 11. h3 Ne7 12. Nd4 Ng6 13. f4 Bc5 14. Be3
h5 15. Nce2 Ne7 16. Bf2 Bxd4 17. Nxd4 Nf5 18. Nf3 Be6 19. b3 b6 20. Rd2 Rd8 21.
Rad1 Rxd2 22. Rxd2 h4 23. c4 Ke7 24. Kf1 Bc8 25. Ng5 Bb7 26. e6 fxe6 27. c5 Rf8
28. Ke1 Ng3 29. Rd4 Rf5 30. Ra4 a6 31. Nf3 b5 32. Rd4 Rxc5 33. Nxh4 Nf5 34.
Nxf5+ Rxf5 35. g4 Rd5 36. Rxd5 cxd5 1/2-1/2

[Event "17. European Team Championship 2009"]
[Site "Novi Sad SRB"]
[Date "2009.10.25"]
[Round "4.53"]
[White "Fridman, Daniel"]
[Black "Halkias, Stelios"]
[Result "1-0"]
[WhiteElo "2661"]
[BlackElo "2570"]
[PlyCount "103"]
[EventDate "2009.10.22"]
[EventType "team"]
[EventRounds "9"]
[EventCountry "SER"]
[Source "lmi"]
[SourceDate "2009.10.22"]

1. d4 d5 2. c4 e6 3. Nc3 c5 4. cxd5 exd5 5. Nf3 Nc6 6. g3 Nf6 7. Bg2 Be7 8. O-O
O-O 9. dxc5 d4 10. Na4 Bf5 11. Bf4 Be4 12. Rc1 Qd5 13. Qb3 Qh5 14. Qxb7 d3 15.
Rfe1 dxe2 16. Rxe2 Bxf3 17. Bxf3 Qxf3 18. Rxe7 Ne4 19. Rxe4 Qxe4 20. Nc3 Qf3
21. Bd6 Rfe8 22. Rd1 h5 23. Qb3 Rac8 24. Qd5 Qg4 25. a3 Qg6 26. b4 Qc2 27. Qd3
Qb3 28. Kg2 Qxa3 29. b5 Nb4 30. Qc4 Nc2 31. Kf1 Rcd8 32. h4 Qa5 33. Rc1 Nb4 34.
Kg2 Qa3 35. Rb1 a5 36. bxa6 Nxa6 37. Rb3 Qc1 38. Qxa6 Re1 39. Qd3 Rg1+ 40. Kf3
Qh6 41. Qf5 Qd2 42. Ne2 Re1 43. Re3 Ra8 44. Qe4 Ra2 45. Qe8+ Kh7 46. Qxf7 Rxe2
47. Qxh5+ Kg8 48. Qe8+ Kh7 49. Qe4+ Kh8 50. Rxe2 Qd1 51. Be5 Rd2 52. c6 1-0

[Event "17. European Team Championship 2009"]
[Site "Novi Sad SRB"]
[Date "2009.10.25"]
[Round "4.54"]
[White "Mastrovasilis, Dimitrios"]
[Black "Khenkin, Igor"]
[Result "1/2-1/2"]
[WhiteElo "2569"]
[BlackElo "2613"]
[PlyCount "74"]
[EventDate "2009.10.22"]
[EventType "team"]
[EventRounds "9"]
[EventCountry "SER"]
[Source "lmi"]
[SourceDate "2009.10.22"]

1. e4 e5 2. Nf3 Nc6 3. Bb5 Nf6 4. O-O Nxe4 5. d4 Nd6 6. Bxc6 dxc6 7. dxe5 Nf5
8. Qxd8+ Kxd8 9. Nc3 Ke8 10. h3 h5 11. Bg5 Be6 12. a3 Be7 13. Rad1 Rd8 14.
Rxd8+ Kxd8 15. Rd1+ Ke8 16. Bxe7 Kxe7 17. Ng5 h4 18. Ne2 Rh5 19. Nxe6 fxe6 20.
Rd3 Nh6 21. Re3 a5 22. Re4 Nf5 23. Nf4 Rh6 24. Kf1 b6 25. Ke2 c5 26. c3 Kf7 27.
Nd3 Rh5 28. Ne1 Ne7 29. Rf4+ Kg8 30. Nf3 Ng6 31. Re4 b5 32. a4 c6 33. b4 axb4
34. cxb4 bxa4 35. bxc5 a3 36. Ra4 Nxe5 37. Nxh4 Nd7 1/2-1/2

[Event "17. European Team Championship 2009"]
[Site "Novi Sad SRB"]
[Date "2009.10.25"]
[Round "4.74"]
[White "Feller, Sebastien"]
[Black "Williams, Simon K"]
[Result "1-0"]
[WhiteElo "2570"]
[BlackElo "2545"]
[PlyCount "79"]
[EventDate "2009.10.22"]
[EventType "team"]
[EventRounds "9"]
[EventCountry "SER"]
[Source "lmi"]
[SourceDate "2009.10.22"]

1. d4 e6 2. Nf3 f5 3. g3 Nf6 4. Bg2 Be7 5. O-O O-O 6. c4 Qe8 7. Nc3 d6 8. Re1
Qg6 9. e4 Nxe4 10. Nxe4 fxe4 11. Rxe4 Nc6 12. Qe1 Bf6 13. Bd2 e5 14. dxe5 dxe5
15. Bc3 Bf5 16. Nh4 Bxh4 17. Rxh4 Rae8 18. Qd2 Rd8 19. Qe2 Bd3 20. Qe3 Bb1 21.
Bd5+ Kh8 22. Rxb1 Qxb1+ 23. Kg2 Qg6 24. Be4 Qf6 25. Rxh7+ Kg8 26. Rh5 Nd4 27.
Rxe5 Qxe5 28. Bh7+ Kxh7 29. Qxe5 Nf5 30. Qxc7 Rde8 31. Qxb7 Re2 32. Qxa7 Re7
33. Qc5 Rff7 34. a4 Re2 35. a5 Ne3+ 36. Qxe3 Rxe3 37. fxe3 Rc7 38. b3 Rd7 39.
Bd4 Rb7 40. Bb6 1-0

[Event "17. European Team Championship 2009"]
[Site "Novi Sad SRB"]
[Date "2009.10.25"]
[Round "4.82"]
[White "Laznicka, Viktor"]
[Black "Berkes, Ferenc"]
[Result "1-0"]
[WhiteElo "2634"]
[BlackElo "2663"]
[PlyCount "83"]
[EventDate "2009.10.22"]
[EventType "team"]
[EventRounds "9"]
[EventCountry "SER"]
[Source "lmi"]
[SourceDate "2009.10.22"]

1. e4 c6 2. Nf3 d5 3. Nc3 Bg4 4. h3 Bxf3 5. Qxf3 Nf6 6. Be2 e6 7. O-O g6 8. d4
Bg7 9. Bg5 h6 10. Bh4 dxe4 11. Nxe4 g5 12. Bg3 Nxe4 13. Qxe4 Qxd4 14. Qf3 Nd7
15. Rfd1 Qf6 16. Qe3 Nb6 17. Qc5 Bf8 18. Qa5 Nd5 19. Bf3 Qe7 20. Bxd5 cxd5 21.
Rxd5 exd5 22. Re1 f5 23. Qb5+ Kf7 24. Qxd5+ Kg7 25. Rxe7+ Bxe7 26. Qxb7 Kf7 27.
Qd5+ Kg6 28. Be5 Bf6 29. Bxf6 Kxf6 30. Qd6+ Kf7 31. c4 f4 32. c5 Rad8 33. Qc7+
Kg6 34. Qxa7 Rhe8 35. Kh2 Rd1 36. Qa6+ Kf5 37. g4+ fxg3+ 38. Kxg3 h5 39. c6
Ree1 40. Qb5+ Ke4 41. f3+ Kd4 42. c7 1-0

[Event "17. European Team Championship 2009"]
[Site "Novi Sad SRB"]
[Date "2009.10.25"]
[Round "4.83"]
[White "Balogh, Csaba"]
[Black "Hracek, Zbynek"]
[Result "1/2-1/2"]
[WhiteElo "2620"]
[BlackElo "2606"]
[PlyCount "76"]
[EventDate "2009.10.22"]
[EventType "team"]
[EventRounds "9"]
[EventCountry "SER"]
[Source "lmi"]
[SourceDate "2009.10.22"]

1. e4 e5 2. Nf3 Nc6 3. Bb5 a6 4. Ba4 Nf6 5. O-O Be7 6. Re1 b5 7. Bb3 O-O 8. c3
d5 9. exd5 Nxd5 10. Nxe5 Nxe5 11. Rxe5 c6 12. d4 Bd6 13. Re1 Qh4 14. g3 Qh3 15.
Qe2 Bd7 16. Qf1 Qf5 17. Be3 Rae8 18. Nd2 h5 19. Qg2 h4 20. Bxd5 cxd5 21. Qf3
hxg3 22. hxg3 Qxf3 23. Nxf3 f6 24. Bf4 Be7 25. Bc7 Kf7 26. Re3 Rc8 27. Rae1
Rfe8 28. Bb6 Rc6 29. Bc5 Bd8 30. Nh4 Rxe3 31. fxe3 Bc7 32. Kf2 Re6 33. Rh1 Re8
34. Nf3 Bf5 35. Rh5 g5 36. Nd2 Bd3 37. Rh2 Kg6 38. Nf3 Be4 1/2-1/2

[Event "17. European Team Championship 2009"]
[Site "Novi Sad SRB"]
[Date "2009.10.25"]
[Round "4.84"]
[White "Babula, Vlastimil"]
[Black "Ruck, Robert"]
[Result "1/2-1/2"]
[WhiteElo "2569"]
[BlackElo "2548"]
[PlyCount "65"]
[EventDate "2009.10.22"]
[EventType "team"]
[EventRounds "9"]
[EventCountry "SER"]
[Source "lmi"]
[SourceDate "2009.10.22"]

1. d4 Nf6 2. c4 g6 3. Nc3 d5 4. Qb3 dxc4 5. Qxc4 Bg7 6. e4 O-O 7. Be2 Nc6 8.
Nf3 Bg4 9. d5 Na5 10. Qb4 Bxf3 11. Bxf3 c6 12. O-O Qb6 13. Qa4 Nd7 14. Be2 Nc5
15. Qc2 Qb4 16. Be3 Bxc3 17. Rac1 Bd4 18. Bxd4 Qxd4 19. Qxc5 Qxb2 20. Bf3 b6
21. Qxe7 Rfe8 22. Qg5 Qe5 23. Qd2 Rad8 24. g3 cxd5 25. exd5 Nb7 26. Rfe1 Qf6
27. Kg2 Rxe1 28. Qxe1 Nc5 29. Qe3 Kf8 30. Re1 Kg7 31. h4 h6 32. Rd1 Rd7 33. Re1
1/2-1/2

[Event "17. European Team Championship 2009"]
[Site "Novi Sad SRB"]
[Date "2009.10.25"]
[Round "4.92"]
[White "Macieja, Bartlomiej"]
[Black "Johannessen, Leif Erlend"]
[Result "1/2-1/2"]
[WhiteElo "2618"]
[BlackElo "2532"]
[PlyCount "51"]
[EventDate "2009.10.22"]
[EventType "team"]
[EventRounds "9"]
[EventCountry "SER"]
[Source "lmi"]
[SourceDate "2009.10.22"]

1. e4 e5 2. Nf3 Nc6 3. d4 exd4 4. Nxd4 Bc5 5. Be3 Qf6 6. c3 Nge7 7. Bc4 Ne5 8.
Be2 Qg6 9. O-O d6 10. f4 Qxe4 11. Bf2 Bxd4 12. cxd4 N5g6 13. g3 Bh3 14. Bf3 Qf5
15. Re1 d5 16. Qb3 O-O 17. Nc3 Bg4 18. Bxd5 Nxd5 19. Qxd5 Qxd5 20. Nxd5 c6 21.
Ne3 Bf3 22. Nc4 f5 23. b3 Rad8 24. d5 Rxd5 25. Bxa7 Be4 26. Be3 1/2-1/2

[Event "17. European Team Championship 2009"]
[Site "Novi Sad SRB"]
[Date "2009.10.25"]
[Round "4.93"]
[White "Elsness, Frode"]
[Black "Bartel, Mateusz"]
[Result "0-1"]
[WhiteElo "2458"]
[BlackElo "2609"]
[PlyCount "68"]
[EventDate "2009.10.22"]
[EventType "team"]
[EventRounds "9"]
[EventCountry "SER"]
[Source "lmi"]
[SourceDate "2009.10.22"]

1. d4 f5 2. Nc3 d5 3. Bf4 a6 4. Nf3 Nf6 5. e3 e6 6. Be2 c5 7. O-O Nc6 8. Na4
cxd4 9. exd4 Ne4 10. Ne5 Bd6 11. Nxc6 bxc6 12. Bxd6 Qxd6 13. Nb6 Rb8 14. Nxc8
Rxc8 15. Bxa6 Rb8 16. Rb1 Ra8 17. Qe2 Kf7 18. Bd3 Rxa2 19. Bxe4 dxe4 20. c3 Rb8
21. f3 exf3 22. Rxf3 g6 23. Qf2 c5 24. dxc5 Rbxb2 25. Qxb2 Qxc5+ 26. Kh1 Rxb2
27. Rxb2 e5 28. Rb7+ Kf6 29. Rxh7 e4 30. Rf1 e3 31. Rb7 e2 32. Re1 Qf2 33. Rbb1
Ke5 34. c4 Kd4 0-1

[Event "17. European Team Championship 2009"]
[Site "Novi Sad SRB"]
[Date "2009.10.25"]
[Round "4.94"]
[White "Gajewski, Grzegorz"]
[Black "Thomassen, Joachim"]
[Result "1-0"]
[WhiteElo "2572"]
[BlackElo "2332"]
[PlyCount "61"]
[EventDate "2009.10.22"]
[EventType "team"]
[EventRounds "9"]
[EventCountry "SER"]
[Source "lmi"]
[SourceDate "2009.10.22"]

1. d4 Nf6 2. c4 g6 3. Nc3 Bg7 4. e4 d6 5. Nf3 O-O 6. h3 Na6 7. Be3 e5 8. d5 Nc5
9. Nd2 a5 10. g4 Nfd7 11. Qc2 c6 12. O-O-O a4 13. a3 Qa5 14. h4 cxd5 15. Nxd5
Qd8 16. Bh3 Ne6 17. Nf3 Ndc5 18. Kb1 Bd7 19. h5 Rc8 20. g5 b5 21. h6 Bh8 22.
Bf1 Re8 23. Rg1 Bc6 24. cxb5 Bxd5 25. Rxd5 Nd4 26. Qd1 Nxe4 27. Nxd4 exd4 28.
Bxd4 Be5 29. f3 Nc5 30. Bh3 Rc7 31. Bxc5 1-0

[Event "17. European Team Championship 2009"]
[Site "Novi Sad SRB"]
[Date "2009.10.25"]
[Round "4.113"]
[White "Efimenko, Zahar"]
[Black "Saric, Ivan"]
[Result "1/2-1/2"]
[WhiteElo "2654"]
[BlackElo "2573"]
[PlyCount "103"]
[EventDate "2009.10.22"]
[EventType "team"]
[EventRounds "9"]
[EventCountry "SER"]
[Source "lmi"]
[SourceDate "2009.10.22"]

1. e4 e5 2. Nf3 Nc6 3. Bb5 a6 4. Ba4 Nf6 5. d3 d6 6. c3 Be7 7. O-O O-O 8. Nbd2
b5 9. Bc2 d5 10. Qe2 d4 11. Re1 a5 12. c4 Ba6 13. Bb3 a4 14. cxb5 Bxb5 15. Bc4
Qb8 16. Bxb5 Qxb5 17. Nc4 Ne8 18. Bd2 Nd6 19. Rac1 Ra6 20. Nxd6 cxd6 21. Rc2
Nd8 22. g3 Ne6 23. a3 Qb7 24. Bb4 f5 25. Nd2 fxe4 26. Qxe4 Qb5 27. Qg4 Ng5 28.
Rc7 Bd8 29. Qd7 Qxd7 30. Rxd7 Ba5 31. Bxa5 Rxa5 32. f4 exf4 33. Ree7 Rf7 34.
Rxf7 Nxf7 35. gxf4 Rb5 36. Ra7 h6 37. Nf3 Rxb2 38. Nxd4 Rd2 39. Ne6 g5 40. Rxa4
gxf4 41. Rxf4 Rxd3 42. a4 Ra3 43. h4 h5 44. Kf1 Ra2 45. Rd4 Ne5 46. Ng5 Kg7 47.
Ke1 Kg6 48. Rxd6+ Kf5 49. Rd4 Nc6 50. Rc4 Ne5 51. Rd4 Nc6 52. Rc4 1/2-1/2

[Event "17. European Team Championship 2009"]
[Site "Novi Sad SRB"]
[Date "2009.10.25"]
[Round "4.114"]
[White "Bosiocic, Marin"]
[Black "Drozdovskij, Yuri"]
[Result "0-1"]
[WhiteElo "2571"]
[BlackElo "2627"]
[PlyCount "65"]
[EventDate "2009.10.22"]
[EventType "team"]
[EventRounds "9"]
[EventCountry "SER"]
[Source "lmi"]
[SourceDate "2009.10.22"]

1. d4 Nf6 2. c4 e6 3. g3 d5 4. Bg2 dxc4 5. Nf3 c5 6. O-O Nc6 7. Ne5 Bd7 8. Na3
cxd4 9. Naxc4 Be7 10. Qb3 Qc7 11. Nxc6 Bxc6 12. Bf4 Qd8 13. Bxc6+ bxc6 14. Rfd1
O-O 15. Be5 c5 16. e3 Nd5 17. exd4 f6 18. Bf4 Nxf4 19. gxf4 cxd4 20. Ne3 Qd7
21. f5 Rab8 22. Qd3 e5 23. Nc4 Kh8 24. Kh1 Rg8 25. Rg1 g6 26. fxg6 Qd5+ 27. f3
Rxg6 28. b3 Rbg8 29. a3 Bf8 30. Qf5 d3 31. Rxg6 Rxg6 32. Rd1 Bc5 33. b4 0-1

[Event "17. European Team Championship 2009"]
[Site "Novi Sad SRB"]
[Date "2009.10.25"]
[Round "4.122"]
[White "Cheparinov, Ivan"]
[Black "Mitkov, Nikola"]
[Result "1-0"]
[WhiteElo "2667"]
[BlackElo "2525"]
[PlyCount "57"]
[EventDate "2009.10.22"]
[EventType "team"]
[EventRounds "9"]
[EventCountry "SER"]
[Source "lmi"]
[SourceDate "2009.10.22"]

1. e4 e5 2. Nf3 Nc6 3. Bb5 Nf6 4. Nc3 Bd6 5. a3 O-O 6. d3 Re8 7. g4 a6 8. Bc4
Bc5 9. Rg1 d6 10. Bg5 Be6 11. Nd5 Bxd5 12. Bxd5 h6 13. Bxf6 Qxf6 14. h4 Ne7 15.
g5 hxg5 16. hxg5 Qf4 17. Bb3 Ng6 18. Qe2 c6 19. Nd2 Rad8 20. O-O-O d5 21. Rdf1
dxe4 22. Qxe4 Qxe4 23. Nxe4 Bb6 24. Rh1 Rd4 25. Rh2 Bd8 26. Kb1 b5 27. Rfh1 a5
28. Ba2 Rd7 29. Rh3 1-0

[Event "17. European Team Championship 2009"]
[Site "Novi Sad SRB"]
[Date "2009.10.25"]
[Round "4.124"]
[White "Iotov, Valentin"]
[Black "Stanojoski, Zvonko"]
[Result "1-0"]
[WhiteElo "2578"]
[BlackElo "2492"]
[PlyCount "117"]
[EventDate "2009.10.22"]
[EventType "team"]
[EventRounds "9"]
[EventCountry "SER"]
[Source "lmi"]
[SourceDate "2009.10.22"]

1. d4 d5 2. c4 e6 3. Nc3 c6 4. e4 dxe4 5. Nxe4 Bb4+ 6. Bd2 Qxd4 7. Bxb4 Qxe4+
8. Be2 Na6 9. Ba5 b6 10. Qd6 Bd7 11. Bc3 f6 12. Nf3 Nh6 13. O-O-O O-O-O 14. Qa3
Kb7 15. Rhe1 Qf4+ 16. Bd2 Qc7 17. c5 b5 18. Ba5 Qf4+ 19. Kb1 Qf5+ 20. Bd3 Qxc5
21. Qxc5 Nxc5 22. Bxd8 Rxd8 23. Bxh7 e5 24. Bc2 Kc7 25. b4 Nb7 26. Nd2 Ng4 27.
Ne4 Bf5 28. Rxd8 Nxd8 29. f3 Bxe4 30. Rxe4 Nh6 31. f4 Ndf7 32. Bb3 Nd6 33. Re1
e4 34. Be6 Kd8 35. h3 Ke7 36. f5 Nhxf5 37. Bxf5 Nxf5 38. Rxe4+ Kd7 39. Kc2 Ne7
40. a3 Nf5 41. Kc3 g5 42. Re1 Nd6 43. Kd4 Nc4 44. a4 a5 45. axb5 cxb5 46. bxa5
Nxa5 47. Kc5 Nb7+ 48. Kxb5 Kd6 49. g3 Nd8 50. Rd1+ Ke7 51. Kc5 Ne6+ 52. Kd5 Ng7
53. g4 Kf7 54. Ra1 Kg6 55. Ra7 Kh6 56. Kd6 f5 57. Ke5 fxg4 58. hxg4 Kg6 59. Re7
1-0

[Event "17. European Team Championship 2009"]
[Site "Novi Sad SRB"]
[Date "2009.10.25"]
[Round "4.131"]
[White "Istratescu, Andrei"]
[Black "Sulskis, Sarunas"]
[Result "1-0"]
[WhiteElo "2624"]
[BlackElo "2568"]
[PlyCount "173"]
[EventDate "2009.10.22"]
[EventType "team"]
[EventRounds "9"]
[EventCountry "SER"]
[Source "lmi"]
[SourceDate "2009.10.22"]

1. d4 Nf6 2. c4 e6 3. Nc3 Bb4 4. Qc2 O-O 5. Bg5 c5 6. e3 h6 7. Bh4 Bxc3+ 8.
bxc3 d6 9. Bd3 Nbd7 10. Ne2 Qc7 11. O-O b5 12. Bxf6 Nxf6 13. cxb5 c4 14. Be4
Nxe4 15. Qxe4 Bd7 16. Rfb1 Rfb8 17. a4 d5 18. Qe5 Qd8 19. Rb4 f6 20. Qg3 Rb6
21. Rab1 a6 22. bxa6 Raxa6 23. Nf4 g5 24. h4 Kf7 25. hxg5 hxg5 26. Qh3 Kg7 27.
Rxb6 Rxb6 28. Rxb6 Qxb6 29. Nxd5 Qb2 30. a5 Qa1+ 31. Kh2 Qxa5 32. e4 Qa8 33.
Qg4 Qa7 34. Ne3 e5 35. Qd1 exd4 36. cxd4 c3 37. e5 fxe5 38. dxe5 Qc7 39. Qd4
Be6 40. Qe4 Qf7 41. Kg1 Qc7 42. Nc2 Qc4 43. Qf3 g4 44. Qf6+ Kh7 45. Kh2 g3+ 46.
fxg3 Qg4 47. Qf3 Qc4 48. Qf4 Bd5 49. Nd4 Qa2 50. Qh4+ Kg8 51. Qh3 Kf7 52. Qh7+
Ke8 53. Nc2 Qc4 54. Ne3 Qe4 55. Qh8+ Kd7 56. Nxd5 Qxd5 57. e6+ Qxe6 58. Qxc3
Ke8 59. Qg7 Qd6 60. Qg4 Qe5 61. Kh3 Qh8+ 62. Qh4 Qa1 63. Qe4+ Kf8 64. g4 Kg7
65. g5 Qc3+ 66. Kh4 Qc7 67. Kh5 Qh2+ 68. Kg4 Qd6 69. Qf5 Qd4+ 70. Kh5 Qd1+ 71.
Qf3 Qh1+ 72. Kg4 Qc1 73. Qf6+ Kg8 74. Qd4 Qc2 75. Kg3 Qc7+ 76. Qf4 Qc3+ 77. Kg4
Qc2 78. Qf3 Kg7 79. Kg3 Kg6 80. Qf6+ Kh7 81. g6+ Kh6 82. g7+ Kh7 83. Qf7 Qd3+
84. Kh2 Qd6+ 85. Kh3 Qh6+ 86. Kg4 Qg5+ 87. Kf3 1-0